书目信息 |
| 题名: |
工业人的未来
|
|
| 作者: | 彼德·德鲁克 著 ;余向华 张珺 译 | |
| 分册: | ||
| 出版信息: | 北京 机械工业出版社 2006 |
|
| 页数: | 194 | |
| 开本: | 23cm | |
| 丛书名: | 德鲁克世纪精典 | |
| 单 册: | ||
| 中图分类: | F038.8 | |
| 科图分类: | ||
| 主题词: | 资本主义社会--生产方式 | |
| 电子资源: | ||
| ISBN: | 7-111-18660-5 | |
| 000 | 00713nam0 2200217 450 | |
| 001 | 0760515518 | |
| 005 | 20070817164835.51 | |
| 010 | @a7-111-18660-5@d¥35.00 | |
| 100 | @a20070817d km y0chiy0120 ea | |
| 101 | 0 | @achi |
| 200 | 1 | @a工业人的未来@Agong ye ren de wei lai@f(美)彼德.德鲁克著@F(mei)bi de.de lu ke zhu@g余向华 张珺译@Gyu xiang hua zhang jun yi |
| 210 | @a北京@c机械工业出版社@d2006 | |
| 215 | @a194@d23cm | |
| 225 | 2 | @a德鲁克世纪精典 |
| 410 | 0 | @12001 @a德鲁克世纪精典 |
| 606 | 0 | @a资本主义社会@x生产方式 |
| 690 | @aF038.8@v3 | |
| 701 | 0 | @a彼德·德鲁克@Abi de·de lu ke@4著 |
| 702 | 0 | @a余向华 张珺@Ayu xiang hua zhang jun@4译 |
| 801 | 0 | @aCN@bPFT@c20070817 |
| 905 | @a213230@dF038.8@eg88@f1 | |
| 工业人的未来/(美)彼德.德鲁克著/余向华 张珺译.-北京:机械工业出版社,2006 |
| 194;23cm.-(德鲁克世纪精典) |
| ISBN 7-111-18660-5:¥35.00 |
| ● |
| 相关链接 |
|
|
|
|
正题名:工业人的未来
索取号:F038.8/g88
 
预约/预借
| 序号 | 登录号 | 条形码 | 馆藏地/架位号 | 状态 | 备注 |
| 1 | 6502731 | 265027311 | 密集书库-海洋学院/ [索取号:F038.8/g88] | 在馆 |